| 000 | 00998nam1a22002411i 4500 | ||
|---|---|---|---|
| 001 | v19\rc\1305041 | ||
| 005 | 20260406193032.0 | ||
| 035 | _a(NLR Aleph) 004462919 | ||
| 090 |
_a4526614 _c4526614 |
||
| 100 | _a20060512d18981909|||y0rusy50 ca | ||
| 101 | 0 | _arus | |
| 102 | _aRU | ||
| 105 | _ay z ||||| | ||
| 200 | 1 | _aОтчет Акционерного общества Черкасского гвоздильно-болточного и лесопильного заводов... | |
| 210 |
_aКиев _d1898-1909 |
||
| 215 | _d29 | ||
| 300 | _aЗагл. части отчетов незначит. изменено | ||
| 300 | _aМесто изд. части отчетов: Черкассы | ||
| 710 | 0 | 2 |
_aАкционерное о-во черкасских гвоздильно-болточного и лесопильного заводов _3RU\NLR\AUTH\889955677 _9407468 |
| 801 | 0 |
_aRU _bNLR _gpsbo |
|
| 801 | 1 |
_aRU _bProSoft-M _2rusmarc |
|
| 852 |
_aNLR _jШифры разные |
||
| 942 | _cBOOK | ||